Multifunctional oxide heterostructures /

Bibliographic Details
Corporate Author: ebrary, Inc
Other Authors: Tsymbal, E. Y. (Evgeny Y.)
Format: eBook
Language:English
Published: Oxford ; New York : Oxford University Press, 2012.
Edition:1st ed.
Subjects:
Online Access:Connect to the full text of this electronic book

MARC

Tag First Indicator Second Indicator Subfields
LEADER 00000cam a2200000 a 4500
001 in00002783787
006 m o d
007 cr cn|||||||||
008 120914s2012 enkaf ob 001 0 eng d
005 20250816205915.4
010 |z  2012940356 
020 |z 9780199584123 
020 |z 9780191642210 (e-book) 
035 |a (CaPaEBR)ebr10595397 
040 |a CaPaEBR  |c CaPaEBR  |d UtOrBLW 
050 1 4 |a TK7871  |b .M85 2012eb 
245 0 0 |a Multifunctional oxide heterostructures /  |c edited by Evgeny Y. Tsymbal ... [and others]. 
250 |a 1st ed. 
264 1 |a Oxford ;  |a New York :  |b Oxford University Press,  |c 2012. 
300 |a 1 online resource (xvi, 398 pages, 11 unnumbered pages of color plates) :  |b color illustrations 
336 |a text  |b txt  |2 rdacontent 
337 |a computer  |b c  |2 rdamedia 
338 |a online resource  |b cr  |2 rdacarrier 
504 |a Includes bibliographical references and index. 
505 0 |a pt. 1. Fundamentals -- pt. 2. Oxide films and interfaces : growth and characterization -- pt. 3. Oxide films and interfaces : functional properties -- pt. 4. Applications. 
500 |a Electronic resource. 
650 0 |a Electronics  |x Materials. 
650 0 |a Thin films. 
650 0 |a Metallic oxides. 
655 7 |a Electronic books.  |2 local 
700 1 |a Tsymbal, E. Y.  |q (Evgeny Y.) 
710 2 |a ebrary, Inc. 
856 4 0 |u https://ebookcentral.proquest.com/lib/tamucs/detail.action?docID=3054844  |y Connect to the full text of this electronic book  |t 0 
980 |a 121120  |b 405  |c USD  |e 405  |f YBP_EBR0000047227  |g 1 
999 f f |s 382c2a60-94e6-39b5-827a-5bca92182d27  |i 57f8f8a3-e62d-38c9-8d68-9a0285b22ed0  |t 0 
999 |a MARS 
952 f f |a Texas A&M University  |b College Station  |c Electronic Resources  |d Available Online  |t 0  |e TK7871 .M85 2012eb  |h Library of Congress classification 
998 f f |a TK7871 .M85 2012eb  |t 0  |l Available Online